000 00938cad a22002055a 4500
001 E153856
008 110913s2009 xxk f 000 0 eng d
035 _a(Sirsi) u153856
041 0 _aeng
110 2 _aIntegrated Environmental Solutions
_95973
245 0 0 _aEnergy modelling of a mid 19th century villa
_bbaseline performance and improvement options
_h[electronic resource]
260 _aEdinburgh
_bHistoric Scotland
_c2009
490 0 _aHistoric Scotland Technical Paper
_v(5)
520 _aUses dynamic thermal modelling to assess the energy performance and internal comfort of a traditional, two-storey sandstone villa.
590 _aKA
651 4 _aScotland
_y1999-
690 _aENVIRONMENTAL AND LAND CONSULTANCY-ENERGY-ENERGY USE-ENERGY EFFICIENCY
856 4 0 _uhttps://www.historic-scotland.gov.uk/energy-modelling-mid19th-century-villa.pdf
_zView the report free of charge at www.historic-scotland.gov.uk
942 _n0
999 _c112728
_d112728